Colegios y universidades : (Record no. 108432)

MARC details
000 -CABECERA
campo de control de longitud fija 00799nam a2200217 a 4500
005 - FECHA Y HORA DE LA ÚLTIMA TRANSACCIÓN
campo de control 20220825134005.0
008 - ELEMENTOS DE LONGITUD FIJA--INFORMACIÓN GENERAL
campo de control de longitud fija 041109s2001 mx r 000 0 spa d
020 ## - NÚMERO INTERNACIONAL NORMALIZADO PARA LIBROS
Número Internacional Estándar del Libro 9683693008 (v.1)
020 ## - NÚMERO INTERNACIONAL NORMALIZADO PARA LIBROS
Número Internacional Estándar del Libro 9683693024 (v.2)
035 ## - NÚMERO DE CONTROL DEL SISTEMA
Número de control de sistema UPN01000136281
049 ## - COLECCIÓN
Colección CG
050 #4 - SIGNATURA TOPOGRÁFICA DE LA BIBLIOTECA DEL CONGRESO
Número de clasificación LA427
Número de documento/Ítem C6.4
245 00 - MENCIÓN DE TÍTULO
Título Colegios y universidades :
Resto del título del antiguo régimen al liberalismo /
Mención de responsabilidad, etc. coord. Enrique González González.
260 ## - PUBLICACIÓN, DISTRIBUCIÓN, ETC.
Lugar de publicación, distribución, etc. México :
Nombre del editor, distribuidor, etc. UNAM, Centro de Estudios sobre la Universidad,
Fecha de publicación, distribución, etc. 2001.
300 ## - DESCRIPCIÓN FÍSICA
Extensión 2 v.
440 #3 - MENCIÓN DE SERIE/ASIENTO SECUNDARIO--TÍTULO
Título La real universidad de México.
Nombre de parte o sección de la obra Estudios y textos ;
Designación de volumen o secuencia 10, 11
650 #7 - ASIENTO SECUNDARIO DE MATERIA - TERMINO TEMATICO
Término de materia o nombre geográfico como elemento de entrada Universidades y colegios
Subdivisión geográfica México
Subdivisión general Historia
Fuente del encabezamiento o término
9 (RLIN) 20273
650 #4 - ASIENTO SECUNDARIO DE MATERIA - TERMINO TEMATICO
Término de materia o nombre geográfico como elemento de entrada UNIVERSIDADES Y COLEGIOS -
Subdivisión general ASPECTOS SOCIOLOGICOS
9 (RLIN) 15406
700 1# - ASIENTO SECUNDARIO--NOMBRE DE PERSONAL
Nombre de persona González González, Enrique,
Término indicativo de función/relación coord.
905 ## - TIPO DE MATERIAL
Tipo de material Libro
Holdings
Estado de retiro Estado de pérdida Fuente del sistema de clasificación o colocación Estado dañado No para préstamo Código de colección Localización permanente Ubicación/localización actual Ubicación en estantería Enumeración/cronología de publicación seriada Total de préstamos Clasificación Código de barras Fecha visto por última vez Número de copia Tipo de ítem Koha
    Library of Congress Classification     Colección General Bib. Gregorio Torres Quintero Bib. Gregorio Torres Quintero Planta baja v.1 1 LA427 C6.4 206984 31/12/2020 1 Libro
    Library of Congress Classification     Colección General Bib. Gregorio Torres Quintero Bib. Gregorio Torres Quintero Planta baja v.2 2 LA427 C6.4 206983 31/12/2020 1 Libro